000
00301nam a22001217a 4500
020
_a
0-07-014751-5
082
_a
629.287 CRO'A
100
_a
CROUSE, W.H, ANGLIN, D.L
_9
67306
245
_a
AUTOMOTIVE TECHNICIANS HANDBOOK
260
_a
NEWYORK
_b
MCGRAW HILL
_c
1979
300
_a
VII, 664P
942
_c
BK
999
_c
575117
_d
575117